| 000 | 02221cam a22004694i 4500 | ||
|---|---|---|---|
| 003 | PE-LiUPU | ||
| 005 | 20250731184528.0 | ||
| 008 | 150623s r 000 0 d | ||
| 035 | _a(Sirsi) a21011 | ||
| 040 |
_aPE-LiUPU _bspa _cPE-LiUPU _erda |
||
| 082 | 0 | 4 |
_a937.02 _bJ46 _221 |
| 245 | 0 | 4 |
_aThe Jewish presence in ancient Rome / _ceditado por Joan Goodnick Westenholz. |
| 264 | 1 |
_aJerusalem : _bBible Lands Museum Jerusalem, _c1994. |
|
| 300 |
_a145 páginas : _bilustraciones mapas, fotos ; _c27 cm. |
||
| 336 |
_atext _2rdacontent |
||
| 337 |
_aunmediated _2rdamedia |
||
| 338 |
_avolume _2rdacarrier |
||
| 504 | _aIncluye bibliografía. | ||
| 505 | 0 | _aMapa of ancient Rome. - Chronological Outline of the Jewish presence in ancient Rome. - The origin of jewish settlement in Rome. - The Jewish community of Rome. - The synagogues of Rome. - Religious life. -Social and family life. - Women's role in the synagogue. - The synagogue of ostia and Its torah shirine by steven fine and Mirian Della Pergola. - The Jews as Roman citizens. - Daily life in the imperial city. - The polices of the emperors towards the jew. - The jewish tax. -Proselytism. - Assimilation. - Roman jews and judaen jews. - Rome in rabbinic thought. -Catalogue of the exibition. | |
| 526 | _aP136 | ||
| 526 | _aP135 | ||
| 526 | _aP134 | ||
| 526 | _aP133 | ||
| 526 | _aP144 | ||
| 526 | _aP143 | ||
| 526 | _aP87 | ||
| 526 | _aP35 | ||
| 526 | _aP20 | ||
| 526 | _aP14 | ||
| 526 | _aP10 | ||
| 526 | _aP06 | ||
| 650 | 0 | 4 |
_aJudios _zItalia - Roma _xCivilización _vExposiciones. |
| 650 | 0 | 4 |
_aArte judío _zItalia - Roma _vExposiciones. |
| 650 | 0 | 4 |
_aRoma (Italia) _xVida social y costumbres. |
| 650 | 0 | 4 |
_aRoma - Italia _vExposiciones (Italia) - Antigüedades - Exposiciones. |
| 700 | 1 |
_aWestenholz, Joan Goodnick, _eed. |
|
| 942 |
_2ddc _cBOOK |
||
| 949 |
_a937.02 J46 _wDEWEY _c1 _i44541 _lCCODEBUL1 _mBUL _p00.00 _r0 _sY _tBOOK _u2015-06-24 _xTEOLOGIA _PP35 _0COMPRA _o.STAFF. Colección General |
||
| 596 | _a1 | ||
| 999 |
_a937.02 J46 _wDEWEY _c21425 _i44541 _f2021-11-11 _g5 _lCCODEBUL1 _mBUL _r0 _sY _tBOOK _u2015-6-24 _xTEOLOGIA _PP35 _0COMPRA _o.STAFF. Colección General _d21425 |
||
| 980 |
_81 _gALBERTO SANCHEZ Responsable de Automatización |
||